Stolice państw Europy po Angielsku - Statystyki

Ogólne statystyki
  • Ten quiz został rozwiązany 107 razy
  • Średni wynik to 24 z 45
Statystyki odpowiedzi
Państwo Stolica po Angielsku % Poprawnych
Albania Tirana
81%
Białoruś Minsk
79%
Francja Paris
79%
Polska Warsaw
77%
Niemcy Berlin
73%
Finlandia Helsinki
73%
Czechy Prague
73%
Bułgaria Sofia
73%
Irlandia Dublin
67%
Hiszpania Madrid
67%
Islandia Reykjavik
65%
Chorwacja Zagreb
65%
Portugalia Lisbon
63%
Norwegia Oslo
63%
Austria Vienna
63%
Holandia Amsterdam
60%
Wielka Brytania London
60%
Bośnia i Hercegowina Sarajevo
60%
Estonia Tallinn
60%
Grecja Athens
56%
Węgry Budapest
56%
Rosja Moscow
56%
San Marino San Marino
56%
Liechtenstein Vaduz
56%
Malta Valletta
56%
Włochy Rome
54%
Szwajcaria Bern
52%
Słowacja Bratislava
52%
Czarnogóra Podgorica
52%
Belgia Brussels
50%
Luksemburg Luxembourg
48%
Szwecja Stockholm
48%
Monako Monaco
46%
Łotwa Riga
44%
Macedonia Północna Skopje
42%
Rumunia Bucharest
40%
Kosowo Pristina
40%
Watykan Vatican City
38%
Dania Copenhagen
33%
Ukraina Kyiv
33%
Andora Andorra la Vella
23%
Serbia Belgrade
21%
Litwa Vilnius
21%
Mołdawia Chisinau
15%
Słowenia Ljubljana
13%
Nie znaleziono quizów pasujących do podanych kryteriów
Rozkład punktacji
Procent ludzi z każdym wynikiem
Percentyl według liczby udzielonych odpowiedzi
Twoja historia wyników
Nie rozwiązałeś tego quizu